书目信息 |
| 题名: |
汽车标志大全
|
|
| 作者: | 林平 编著 | |
| 分册: | ||
| 出版信息: | 北京 电子工业出版社 2021 |
|
| 页数: | 16,388页 | |
| 开本: | 26cm | |
| 丛书名: | 车标图鉴系列丛书 | |
| 单 册: | ||
| 中图分类: | J534.4 , J524.4 | |
| 科图分类: | ||
| 主题词: | 汽车--标志--介绍--世界 , 汽车--标志--介绍--中国 | |
| 电子资源: | ||
| ISBN: | 978-7-121-42053-5 | |
| 000 | 00895oam2 2200277 450 | |
| 001 | 2337252665 | |
| 005 | 20231130102401.85 | |
| 010 | @a978-7-121-42053-5@dCNY120.00 | |
| 100 | @a20211102d2021 em y0chiy50 ea | |
| 101 | 0 | @achi |
| 102 | @aCN@b110000 | |
| 105 | @aa z 000yy | |
| 200 | 1 | @a汽车标志大全@Aqi che biao zhi da quan@e中国篇@f林平编著 |
| 210 | @a北京@c电子工业出版社@d2021 | |
| 215 | @a16,388页@c图,照片@d26cm | |
| 225 | 1 | @a车标图鉴系列丛书 |
| 330 | @a本书主要介绍中国的汽车工业概况,中国拥有的220个汽车品牌的定位和发展,这些汽车品牌标志的变化及标志含义,以及经典名车欣赏等。 | |
| 461 | 0 | @12001 @a车标图鉴系列丛书 |
| 517 | 1 | @a中国篇@AZhong Guo Pian |
| 606 | 0 | @a汽车@x标志@x介绍@y世界 |
| 606 | 0 | @a汽车@x标志@x介绍@y中国 |
| 690 | @aJ534.4@v5 | |
| 690 | @aJ524.4@v5 | |
| 701 | 0 | @a林平@Alin ping@4编著 |
| 801 | 0 | @aCN@b山东中教@c20231126 |
| 905 | @aBZT@dJ534.4@e7 | |
| 汽车标志大全:中国篇/林平编著.-北京:电子工业出版社,2021 |
| 16,388页:图,照片;26cm.-(车标图鉴系列丛书) |
| ISBN 978-7-121-42053-5:CNY120.00 |
| 本书主要介绍中国的汽车工业概况,中国拥有的220个汽车品牌的定位和发展,这些汽车品牌标志的变化及标志含义,以及经典名车欣赏等。 |
| ● |
| 相关链接 |
|
|
|
正题名:汽车标志大全
索取号:J534.4/7
 
预约/预借
| 序号 | 登录号 | 条形码 | 馆藏地/架位号 | 状态 | 备注 |
| 1 | 2001238722 | 2001238722 | 中教(第二批第二书库)/山东中教(第二批)/2501/ [索取号:J534.4/7] | 在馆 | |
| 2 | 2001238723 | 2001238723 | 中教(第二批第二书库)/山东中教(第二批)/2501/ [索取号:J534.4/7] | 在馆 | |
| 3 | 2001238724 | 2001238724 | 中教(第二批第二书库)/山东中教(第二批)/2501/ [索取号:J534.4/7] | 在馆 | |
| 4 | 2001238725 | 2001238725 | 中教(第二批第二书库)/山东中教(第二批)/2501/ [索取号:J534.4/7] | 在馆 | |
| 5 | 2001238726 | 2001238726 | 中教(第二批第二书库)/山东中教(第二批)/2501/ [索取号:J534.4/7] | 在馆 | |
| 6 | 2001238727 | 2001238727 | 中教(第二批第二书库)/山东中教(第二批)/2501/ [索取号:J534.4/7] | 在馆 | |
| 7 | 2001238728 | 2001238728 | 中教(第二批第二书库)/山东中教(第二批)/2501/ [索取号:J534.4/7] | 在馆 | |
| 8 | 2001238729 | 2001238729 | 中教(第二批第二书库)/山东中教(第二批)/2501/ [索取号:J534.4/7] | 在馆 | |
| 9 | 2001238730 | 2001238730 | 中教(第二批第二书库)/山东中教(第二批)/2501/ [索取号:J534.4/7] | 在馆 | |
| 10 | 2001238731 | 2001238731 | 中教(第二批第二书库)/山东中教(第二批)/2501/ [索取号:J534.4/7] | 在馆 | |
| 11 | 2001239234 | 2001239234 | 中教(第二批第二书库)/山东中教(第二批)/2512/ [索取号:J534.4/7] | 在馆 | |
| 12 | 2001239235 | 2001239235 | 中教(第二批第二书库)/山东中教(第二批)/2512/ [索取号:J534.4/7] | 在馆 | |
| 13 | 2001239236 | 2001239236 | 中教(第二批第二书库)/山东中教(第二批)/2512/ [索取号:J534.4/7] | 在馆 | |
| 14 | 2001239237 | 2001239237 | 中教(第二批第二书库)/山东中教(第二批)/2512/ [索取号:J534.4/7] | 在馆 | |
| 15 | 2001239238 | 2001239238 | 中教(第二批第二书库)/山东中教(第二批)/2512/ [索取号:J534.4/7] | 在馆 | |
| 16 | 2001239239 | 2001239239 | 中教(第二批第二书库)/山东中教(第二批)/2512/ [索取号:J534.4/7] | 在馆 | |
| 17 | 2001239240 | 2001239240 | 中教(第二批第二书库)/山东中教(第二批)/2512/ [索取号:J534.4/7] | 在馆 | |
| 18 | 2001239241 | 2001239241 | 中教(第二批第二书库)/山东中教(第二批)/2512/ [索取号:J534.4/7] | 在馆 | |
| 19 | 2001239242 | 2001239242 | 中教(第二批第二书库)/山东中教(第二批)/2512/ [索取号:J534.4/7] | 在馆 | |
| 20 | 2001239243 | 2001239243 | 中教(第二批第二书库)/山东中教(第二批)/2512/ [索取号:J534.4/7] | 在馆 | |
| 21 | 2001239244 | 2001239244 | 中教(第二批第二书库)/山东中教(第二批)/2512/ [索取号:J534.4/7] | 在馆 | |
| 22 | 2001239245 | 2001239245 | 中教(第二批第二书库)/山东中教(第二批)/2512/ [索取号:J534.4/7] | 在馆 | |
| 23 | 2001239246 | 2001239246 | 中教(第二批第二书库)/山东中教(第二批)/2512/ [索取号:J534.4/7] | 在馆 | |
| 24 | 2001239247 | 2001239247 | 中教(第二批第二书库)/山东中教(第二批)/2512/ [索取号:J534.4/7] | 在馆 | |
| 25 | 2001239248 | 2001239248 | 中教(第二批第二书库)/山东中教(第二批)/2512/ [索取号:J534.4/7] | 在馆 | |
| 26 | 2001239249 | 2001239249 | 中教(第二批第二书库)/山东中教(第二批)/2512/ [索取号:J534.4/7] | 在馆 | |
| 27 | 2001239250 | 2001239250 | 中教(第二批第二书库)/山东中教(第二批)/2512/ [索取号:J534.4/7] | 在馆 | |
| 28 | 2001239251 | 2001239251 | 中教(第二批第二书库)/山东中教(第二批)/2512/ [索取号:J534.4/7] | 在馆 | |
| 29 | 2001239252 | 2001239252 | 中教(第二批第二书库)/山东中教(第二批)/2512/ [索取号:J534.4/7] | 在馆 | |
| 30 | 2001239253 | 2001239253 | 中教(第二批第二书库)/山东中教(第二批)/2512/ [索取号:J534.4/7] | 在馆 |